| 000 | 00826nam a22002417a 4500 | ||
|---|---|---|---|
| 003 | 0 | ||
| 005 | 20250404141542.0 | ||
| 008 | 250404b xxu||||| |||| 00| 0 eng d | ||
| 020 | _a978-621-427-210-5 | ||
| 050 |
_aHD 31 _b.Ab23 2024 |
||
| 100 | _aAbante, Marmelo V. | ||
| 245 |
_aAdvanced organizational management _cMarmelo V. Abante and three others |
||
| 260 |
_aIntramuros, Manila _bUnlimited Books Library Services & Publishing Inc. _c2024 |
||
| 300 |
_aviii, 408 pages; _c25cm. |
||
| 504 | _aIncludes bibliographical references. | ||
| 650 | _aOrganizational behavior--Management. | ||
| 650 | _aOrganizational change--Strategic planning. | ||
| 650 | _aLeadership--Organizational effectiveness. | ||
| 700 | _aJulianes, Melchor S. | ||
| 700 | _aSario, Jay A. | ||
| 700 | _aGomez, Hernando R. | ||
| 942 |
_2lcc _cBK |
||
| 999 |
_c367364 _d367364 |
||